| 000 | 01013nam a22003017a 4500 | ||
|---|---|---|---|
| 003 | CHAP | ||
| 005 | 20220329135222.0 | ||
| 008 | 971013s1973 r 00010 d | ||
| 010 | _a32808 | ||
| 011 | _a33780 | ||
| 035 | _a37896 | ||
| 040 | _cCHAP | ||
| 090 | _aFolleto 2231 | ||
| 100 | 0 | 0 |
_aCuevas Ortega, Sergio. _930174 |
| 245 |
_aEngorda de machos holstein _b: fuente adicional de ingresos para estableros |
||
| 260 |
_aMéxico : _bFondo de Garantía y Fomento para la Agricultura, Ganadería y Avicultura, _c1973 |
||
| 300 |
_a13 p. _b: ilus. |
||
| 500 | _ac.4-6 en bodega | ||
| 590 |
_aBATCH-UPD _b10 _c20130110 _lUCH01 _h1912 |
||
| 590 |
_aCONVERSION _b10 _c20130109 _lUCH01 _h1318 |
||
| 650 | 1 | 4 |
_aGanado de carne _xEngorda. _945081 |
| 650 | 1 | 4 |
_aGanado Holstein. _945133 |
| 901 | _aBK | ||
| 942 | _cFOLL | ||
| 949 |
_aFolleto 2231 _bBC _cFOLL _d-86830 _eTS1 _i37896 _mD _si |
||
| 949 |
_aFolleto 2231 _bBC _cFOLL _d-86831 _eTS2 _fc.2 _i37896 _si |
||
| 949 |
_aFolleto 2231 _bBC _cFOLL _d-86832 _eTS2 _fc.3 _i37896 _si |
||
| 999 |
_c32808 _d32808 |
||